100 Albums - Statistics

General Stats
  • This quiz has been taken 13 times
  • The average score is 34 of 100
Answer Stats
Number Artist Popular
Songs
Answer % Correct
26 Kendrick Lamar, 2017 HUMBLE. DAMN.
67%
11 Tyler, The Creator EARFQUAKE IGOR
67%
7 Travis Scott, 2015 90210 Rodeo
67%
8 Pink Floyd, 1973 Us and Them The Dark Side of the Moon
67%
15 Kendrick Lamar, 2015 Alright To Pimp A Butterfly
67%
13 Playboi Carti, 2020 Rockstar Made Whole Lotta Red
67%
29 2pac, 1996 California Love All Eyez On Me
58%
16 Kanye West, 2005 Diamonds From Sierra Leone Late Registration
58%
33 Kanye West, 2010 Runaway My Beautiful Dark Twisted Fantasy
58%
38 Eminem, 2002 Without Me The Eminem Show
58%
74 Michael Jackson, 1982 Billie Jean Thriller
58%
24 Kanye West, 2018 Ghost Town ye
58%
34 Frank Ocean, 2016 Pink + White Blonde
50%
21 Frank Ocean, 2012 Super Rich Kids Channel ORANGE
50%
78 Kanye West, 2004 We Don't Care College Dropout
50%
98 Gorillaz, 2005 Feel Good Inc. Demon Days
50%
79 Tyler, The Creator, 2017 See You Again Flower Boy
50%
45 Kanye West, 2007 Flashing Lights Graduation
50%
14 Neutral Milk Hotel, 1998 Two-Headed Boy In the Aeroplane Over the Sea
50%
9 OutKast, 2000 Ms. Jackson Stankonia
50%
57 Kanye West, 2016 Father Stretch My Hands Pt. 1 The Life Of Pablo
50%
95 Ms. Lauryn Hill, 1998 Doo Wop (That Thing) The Miseducation of Lauryn Hill
50%
46 Joey Bada$$, 2012 Righteous Minds 1999
42%
39 Dr. Dre, 1999 The Next Episode 2001
42%
48 Freddie Gibbs + The Alchemist, 2020 1985 Alfredo
42%
5 A$AP Rocky, 2015 Jukebox Joints AT.LONG.LAST.A$AP
42%
4 Danny Brown, 2016 Really Doe Atrocity Exhibition
42%
44 Childish Gambino, 2016 Redbone "Awaken, My Love!"
42%
42 The Alchemist, 2018 E. Coli Bread
42%
25 Tyler, The Creator, 2021 SWEET/I THOUGHT YOU WANTED TO DANCE CALL ME IF YOU GET LOST
42%
62 Playboi Carti, 2018 R.I.P. Die Lit
42%
43 Earl Sweatshirt, 2013 Sunday Doris
42%
10 Wu-Tang Clan, 1993 C.R.E.A.M. Enter The Wu-Tang
42%
97 LUCKI, 2024 RIP GEMINI!
42%
64 Steve Lacy, 2022 Bad Habit Gemini Rights
42%
17 MF DOOM, 2004 Raid Madvillainy
42%
28 MF DOOM, 2004 One Beer MM..FOOD
42%
37 Radiohead, 1997 Karma Police OK Computer
42%
12 Nick Drake, 1972 Parasite Pink Moon
42%
93 Playboi Carti, 2017 Magnolia Playboi Carti
42%
27 The Notorious B.I.G. 1994 Big Poppa Ready to Die
42%
2 JPEGMAFIA + Danny Brown, 2023 Lean Beef Patty SCARING THE HOES
42%
84 Mac Miller, 2018 Self Care Swimming
42%
60 Death Grips, 2012 I've Seen Footage The Money Store
42%
75 Travis Scott, 2023 FE!N UTOPIA
42%
31 Jay-Z + Kanye West, 2011 Ni**as In Paris Watch The Throne
42%
23 Future + Metro Boomin, 2024 Like That WE DON'T TRUST YOU
42%
58 Kanye West, 2013 Bound 2 Yeezus
42%
72 XXXTENTACION, 2017 Revenge 17
33%
80 J. Cole, 2014 No Role Modelz 2014 Forest Hills Drive
33%
18 Chance the Rapper, 2013 Cocoa Butter Kisses Acid Rap
33%
55 Childish Gambino, 2013 3005 Because the Internet
33%
96 Tame Impala, 2015 The Less I Know The Better Currents
33%
35 50 Cent, 2003 In Da Club Get Rich Or Die Tryin'
33%
56 Kendrick Lamar, 2012 Money Trees good kid, m.A.A.d. city
33%
22 Metro Boomin, 2022 Superhero HEROES & VILLAINS
33%
77 Kendrick Lamar, 2022 N95 Mr. Morale & The Big Steppers
33%
76 MF DOOM, 1999 Rhymes Like Dimes Operation: Doomsday
33%
40 ScHoolboy Q, 2014 Collard Greens Oxymoron
33%
73 XXXTENTACION, 2018 Hope Question Mark
33%
20 King Geedorah, 2003 Fazers Take Me To Your Leader
33%
67 A Tribe Called Quest, 1991 Check The Rhime The Low End Theory
33%
61 Tyler, The Creator, 2013 IFHY Wolf
33%
66 21 Savage, 2024 redrum american dream
25%
19 Baby Keem, 2019 HONEST DIE FOR MY BITCH
25%
49 Bruno Mars, 2010 Grenade Doo-Wops & Hooligans
25%
53 Juice WRLD, 2018 Lucid Dreams Goodbye & Good Riddance
25%
68 Lil Uzi Vert, 2017 20 Min Luv Is Rage 2
25%
47 Kid Cudi, 2009 Day 'N' Nite (nightmare) Man On The Moon: The End Of Day
25%
92 Playboi Carti, 2025 RATHER LIE MUSIC
25%
94 Nicki Minaj, 2010 Super Bass Pink Friday
25%
100 Young Thug, 2019 Bad Bad Bad So Much Fun
25%
65 Lil Wayne, 2008 A Milli Tha Carter III
25%
30 Jay-Z, 2009 Thank You The Blueprint 3
25%
32 Baby Keem, 2021 family ties The Melodic Blue
25%
63 MF DOOM + Danger Mouse, 2005 Benzi Box THE MOUSE & THE MASK
25%
51 Arctic Monkeys, 2007 505 Favorite Worst Nightmare
17%
1 Miracle Musical, 2012 Dream Sweet in Sea Major Hawaii: Pt. II
17%
52 Billie Eilish, 2024 BIRDS OF A FEATHER HIT ME HARD AND SOFT
17%
71 The Weekend, 2025 Timeless Hurry Up Tomorrow
17%
83 MIKE, 2017 Hunger MAY GOD BLESS YOUR HUSTLE
17%
54 SZA, 2025 30 For 30 SOS: Lana
17%
59 Odd Future, 2012 White The OF Tape Vol. 2
17%
36 Ice Cube, 1992 It Was A Good Day The Predator
17%
6 TV Girl, 2016 Not Allowed Who Really Cares
17%
99 Ken Carson, 2023 ss A Great Chaos
8%
90 Don Toliver, 2024 TORE UP HARDSTONE PSYCHO
8%
81 PARTYNEXTDOOR + Drake, 2025 NOKIA $ome $exy $ongs 4 U
8%
85 Keyshia Cole, 2005 Love The Way It Is
8%
3 Mustard Service, 2023 Baby It's Scary Variety Pack
8%
91 d4vd, 2025 Feel It WITHERED
8%
50 K4, 2025 Gods Got My Back It Is What It Is
0%
86 Blvck Svm, 2022 hyogo mangalica mink
0%
89 Edward Skeletrix, 2025 Drug Dealer Injects His Fent Museum Music
0%
70 Snoop Dogg, 2004 Drop It Like It's Hot R&G: The Masterpiece
0%
82 jev. 2022 where's the confetti? the color grey.
0%
41 Lil Darkie, 2023 HUMANS & MONSTERS THE FUTURE IS DARK
0%
87 Brocko + Lucyen, 2023 stayed tru ! THE SUN GOD RISES
0%
88 Your Grandparents, 2021 So Damn Fly Thru My Window
0%
69 Bryant Barnes, 2024 I'd Rather Pretend VANITY
0%
No matching quizzes found
Score Distribution
Percent of People with Each Score
Percentile by Number Answered
Your Score History
You have not taken this quiz